| 000 | 01417nam a22002177a 4500 | ||
|---|---|---|---|
| 001 | 5655 | ||
| 003 | FISKH | ||
| 005 | 20250109123115.0 | ||
| 008 | 250109b cb ||||| |||| 00| 0 eng d | ||
| 020 | _a9781107668010 | ||
| 040 |
_aFISKH _beng _cFISKH _dFISKH |
||
| 082 | _a510 | ||
| 100 | _aByrd, Greg | ||
| 245 |
_aCambridge checkpoint Mathematics : _bCoursebook / _cby Greg Byrd, Lynn Byrd and Chris Pearce |
||
| 260 |
_aOxford : _bOxford University Press ; _c2013. |
||
| 300 |
_a196 pages : _bcolor illustrations ; _c28 cm . |
||
| 520 | _aWritten by well-respected authors, the Cambridge Checkpoint Mathematics suite provides a comprehensive structured resource which covers the full Cambridge Secondary 1 Mathematics framework in three stages. This brightly illustrated Coursebook for Stage 9 offers a comprehensive introduction to all topics covered in the syllabus. Worked examples show students how to tackle different problems, and plenty of exercise questions prepare students for the different types of questions they will face in their Checkpoint exam. Coverage of the Problem Solving framework is integrated throughout the course, with questions relating to the Problem Solving framework statements highlighted in the Coursebook. There is an accompanying Practice Book and Teacher's Resource CD-ROM available separately. | ||
| 700 |
_aByrd, Lynn _eillustrator |
||
| 942 |
_2ddc _cBK _n0 |
||
| 999 |
_c5655 _d5655 |
||